| 000 | 00490nam a2200169Ia 4500 | ||
|---|---|---|---|
| 999 |
_c34887 _d34887 |
||
| 003 | OSt | ||
| 005 | 20200205150542.0 | ||
| 008 | 190216s9999||||xx |||||||||||||| ||und|| | ||
| 020 | _a8121910250 | ||
| 040 | _coclc | ||
| 082 |
_a342.54 _bMAH/C |
||
| 100 |
_a Mahajan, Vidya Dhar _91752 |
||
| 245 | 0 |
_aThe Constitution Of India / _cVidya Dhar Mahajan |
|
| 260 |
_bS Chand & Co, _c1995. _aNew Delhi: |
||
| 300 | _a566p | ||
| 942 |
_cBK _2ddc _h342.54 _iMAH/C _k342.54 _mMAH/C |
||